[Event "Rostock SSC op 18th"]
[Site "Rostock"]
[Date "2019.08.11"]
[Round "7"]
[White "Dettmann, Nils"]
[Black "Hopp, Peter"]
[Result "0-1"]
[WhiteElo "1788"]
[BlackElo "1838"]
[PlyCount "46"]
[EventDate "2019.08.07"]
[EventType "swiss"]
[EventRounds "7"]
[EventCountry "GER"]
[SourceTitle "EXT 2020"]
[Source "ChessBase"]
[SourceDate "2019.10.17"]
[SourceVersion "1"]
[SourceVersionDate "2019.10.17"]
[SourceQuality "1"]

1. e4 d5 2. exd5 Qxd5 3. Nc3 Qa5 4. d4 c6 5. Nf3 Nf6 6. Bd2 Bf5 7. Bc4 e6 8. 0-0 Bb4 9. a3 Bxc3 10. Bxc3 Qc7 11. Bb3 Nbd7 12. Qe2 0-0 13. Bd2 Rfe8 14. Ne5 Nxe5 15. dxe5 Nd7 16. Bc3 Nc5 17. Ba2 Rad8 18. Bb4 Qb6 19. Bxc5 Qxc5 20. c3 Bd3 21. Qh5 Bxf1 22. Rxf1 Rd2 23. Bb1 g6 0-1

[Event "Rostock SSC op 18th"]
[Site "Rostock"]
[Date "2019.08.08"]
[Round "3"]
[White "Dettmann, Nils"]
[Black "Moeller, Peter1"]
[Result "1/2-1/2"]
[WhiteElo "1788"]
[BlackElo "1649"]
[PlyCount "100"]
[EventDate "2019.08.07"]
[EventType "swiss"]
[EventRounds "7"]
[EventCountry "GER"]
[SourceTitle "EXT 2020"]
[Source "ChessBase"]
[SourceDate "2019.10.17"]
[SourceVersion "1"]
[SourceVersionDate "2019.10.17"]
[SourceQuality "1"]

1. e4 d6 2. d4 Nf6 3. Nc3 g6 4. Nf3 Bg7 5. Be2 0-0 6. 0-0 Re8 7. Bg5 Nbd7 8. h3 h6 9. Be3 e5 10. dxe5 Nxe5 11. Qd2 Kh7 12. Rad1 Qe7 13. Nxe5 Qxe5 14. f4 Qe7 15. Bf3 Nd7 16. Rde1 Nb6 17. Qd3 Be6 18. b3 Rad8 19. f5 Bc8 20. Bxb6 axb6 21. Nd5 Qd7 22. fxg6+ fxg6 23. Bg4 Qc6 24. Rf7 Qc5+ 25. Kh1 Bxg4 26. hxg4 Rf8 27. Ref1 c6 28. b4 Qb5 29. c4 Qa6 30. Nc3 Rxf7 31. Rxf7 Rf8 32. Rd7 Rf6 33. g5 hxg5 34. Qh3+ Kg8 35. Rd8+ Rf8 36. Qe6+ Kh7 37. Rxd6 Rf6 38. Qh3+ Kg8 39. Rxf6 Bxf6 40. Qe6+ Kg7 41. e5 Bxe5 42. Qxe5+ Kh7 43. Qd4 Qa8 44. Qxb6 Kh6 45. a4 Qe8 46. Qf2 Qe5 47. Ne2 Qa1+ 48. Kh2 Qe5+ 49. Kg1 Qa1+ 50. Kh2 Qe5+ 1/2-1/2

[Event "Rostock SSC op 17th"]
[Site "Rostock"]
[Date "2018.07.14"]
[Round "6.10"]
[White "Schoenrock, Ruediger"]
[Black "Dettmann, Nils"]
[Result "1/2-1/2"]
[WhiteElo "2009"]
[BlackElo "1774"]
[PlyCount "59"]
[EventDate "2018.07.11"]
[EventType "swiss"]
[EventRounds "7"]
[EventCountry "GER"]
[SourceTitle "EXT 2019"]
[Source "ChessBase"]
[SourceDate "2018.10.10"]
[SourceVersion "1"]
[SourceVersionDate "2018.10.10"]
[SourceQuality "1"]

1. e4 e6 2. c4 d5 3. cxd5 exd5 4. exd5 Nf6 5. Bb5+ Bd7 6. Bc4 Bd6 7. Nf3 0-0 8. 0-0 Bg4 9. d4 Nbd7 10. Nc3 Nb6 11. Bb3 h6 12. Re1 Bb4 13. Qd3 Nbxd5 14. Ne5 Be6 15. Qg3 Kh8 16. Ng6+ fxg6 17. Rxe6 Qd7 18. Bxd5 Bxc3 19. bxc3 Qxd5 20. Re5 Qf7 21. Ba3 Rfe8 22. Qf3 c6 23. g3 Kh7 24. Bb2 Rf8 25. a4 Rad8 26. a5 a6 27. Ba3 Rfe8 28. Rae1 Rxe5 29. Rxe5 Rd7 30. Bc5 1/2-1/2

[Event "Rostock SSC op 16th"]
[Site "Rostock"]
[Date "2017.07.27"]
[Round "3"]
[White "Hilbig, Dieter"]
[Black "Dettmann, Nils"]
[Result "1/2-1/2"]
[WhiteElo "2015"]
[BlackElo "1770"]
[PlyCount "84"]
[EventDate "2017.07.26"]
[EventType "swiss"]
[EventRounds "7"]
[EventCountry "GER"]
[SourceTitle "EXT 2018"]
[Source "ChessBase"]
[SourceDate "2017.10.13"]
[SourceVersion "1"]
[SourceVersionDate "2017.10.13"]
[SourceQuality "1"]

1. e4 e6 2. d4 d5 3. Nc3 Bb4 4. exd5 exd5 5. Bd3 Nf6 6. Bg5 c6 7. Nge2 Bg4 8. 0-0 0-0 9. f3 Bh5 10. Nf4 Bg6 11. Nxg6 hxg6 12. Ne2 Bd6 13. Qe1 Nbd7 14. Qh4 Qc7 15. Qh3 Rae8 16. Rae1 Nh5 17. f4 f5 18. Qf3 Nhf6 19. c4 Ne4 20. Bxe4 dxe4 21. Qb3 Qb6 22. Qc2 Be7 23. h4 Nf6 24. a3 Ng4 25. b4 Bf6 26. Bxf6 Rxf6 27. Qb3 Qd8 28. g3 Kh7 29. Kg2 Qe7 30. Ng1 Rd8 31. Rd1 Rfd6 32. Ne2 a6 33. Qc3 R6d7 34. Rh1 e3 35. Rhf1 Nf2 36. Rb1 Qe4+ 37. Kh2 Re7 38. Rbe1 Rde8 39. Nc1 Ng4+ 40. Kg1 Nf2 41. Kh2 Ng4+ 42. Kg1 Nf2 1/2-1/2

[Event "Rostock SSC op 16th"]
[Site "Rostock"]
[Date "2017.07.26"]
[Round "2"]
[White "Dettmann, Nils"]
[Black "Menkhaus, Wolf Dieter"]
[Result "1/2-1/2"]
[WhiteElo "1770"]
[BlackElo "1936"]
[PlyCount "40"]
[EventDate "2017.07.26"]
[EventType "swiss"]
[EventRounds "7"]
[EventCountry "GER"]
[SourceTitle "EXT 2018"]
[Source "ChessBase"]
[SourceDate "2017.10.13"]
[SourceVersion "1"]
[SourceVersionDate "2017.10.13"]
[SourceQuality "1"]

1. e4 e5 2. Nf3 Nf6 3. Nxe5 d6 4. Nf3 Nxe4 5. d4 d5 6. Bd3 Be7 7. Nbd2 Nf6 8. Ne5 0-0 9. 0-0 c5 10. c3 Nc6 11. Ndf3 c4 12. Bc2 h6 13. Re1 Bd6 14. Bd2 Qc7 15. Qc1 Bxe5 16. dxe5 Ng4 17. Bf4 Re8 18. e6 Qb6 19. exf7+ Kxf7 20. Qd2 Be6 1/2-1/2

[Event "Rostock SSC 07 op 15th"]
[Site "Rostock"]
[Date "2016.07.28"]
[Round "3"]
[White "Dettmann, Nils"]
[Black "Fromm, Marius"]
[Result "1-0"]
[WhiteElo "1756"]
[BlackElo "1663"]
[PlyCount "59"]
[EventDate "2016.07.27"]
[EventType "swiss"]
[EventRounds "7"]
[EventCountry "GER"]
[SourceTitle "EXT 2017"]
[Source "ChessBase"]
[SourceDate "2016.10.25"]
[SourceVersion "1"]
[SourceVersionDate "2016.10.25"]
[SourceQuality "1"]

1. e4 c5 2. c3 d6 3. d4 Nf6 4. dxc5 Nxe4 5. Qa4+ Nc6 6. Qxe4 dxc5 7. Nf3 g6 8. Bb5 Bd7 9. 0-0 Bg7 10. Nbd2 0-0 11. Nb3 a6 12. Be2 b6 13. Bf4 Qc8 14. Rad1 Bf5 15. Qe3 Re8 16. Ne5 Nxe5 17. Bxe5 Qe6 18. Bxg7 Qxe3 19. fxe3 Kxg7 20. Bf3 Rab8 21. h3 h5 22. Rd2 e5 23. Bc6 Rec8 24. Bd7 Bxd7 25. Rxd7 Rf8 26. Rfd1 c4 27. Nd2 b5 28. Ne4 b4 29. Nc5 Rb6 30. R1d6 1-0